000
00257nam a2200121 a 4500
005
20141022142006.0
008
080922s19uu xx 00 eng d
050
_a
VCD
_b
S4 2002
245
_a
Simone.
650
_a
VCD.
650
_a
Simone.
942
_c
AVM
999
_c
276486
_d
276486